Niemieckie traktory na zdjęciach - Statystyki

Ogólne statystyki
  • Ten quiz został rozwiązany 7 razy
  • Średni wynik to 5 z 11
Statystyki odpowiedzi
Obrazkowy Odpowiedź % Poprawnych
Claas
83%
Deutz-fahr
83%
Fendt
83%
Ifa
67%
Hanomag
50%
Eicher
17%
Forschritt
17%
Kramer
17%
Lanz
17%
Schluter
17%
Wesseler
0%
Nie znaleziono quizów pasujących do podanych kryteriów
Rozkład punktacji
Procent ludzi z każdym wynikiem
Percentyl według liczby udzielonych odpowiedzi
Twoja historia wyników
Nie rozwiązałeś tego quizu